[Event "NED-ch52"]
[Site "Rotterdam"]
[Date "1997.06.23"]
[Round "3"]
[White "Van den Doel, Erik"]
[Black "Timman, Jan H"]
[Result "0-1"]
[WhiteElo "2430"]
[BlackElo "2630"]
[Annotator "Mikhalevski,V"]
[PlyCount "84"]
[EventDate "1997.06.21"]
[EventType "tourn"]
[EventRounds "11"]
[EventCountry "NED"]
[EventCategory "12"]
[SourceTitle "CBM 060"]
[Source "ChessBase"]
[SourceDate "1997.09.29"]
[SourceVersion "1"]
[SourceVersionDate "1997.09.29"]
[SourceQuality "1"]

1. e4 e5 2. Nf3 Nc6 3. Bb5 a6 4. Ba4 Nf6 5. O-O Nxe4 6. d4 b5 7. Bb3 d5 8. dxe5
Be6 9. Nbd2 Nc5 10. c3 Be7 11. Bc2 Bg4 12. Re1 O-O 13. Nf1 Re8 {This move has
become popular after the game Wang Zili-Yusupov,1990} 14. h3 Bh5 15. Ng3 (15.
g4 Bg6 16. Bxg6 hxg6 17. Ne3 Qd7 18. Qxd5 Rad8 19. Rd1 Qe6 $10 {Wahls,M-Hübner,
R, Munich 1991.}) 15... Bg6 16. Nf5 (16. Bxg6 {1/2-1/2 Topalov-Marin,Budapest
1993}) (16. Be3 Bf8 17. Bd4 Ne6 18. h4 Ncxd4 19. cxd4 c5 20. Bxg6 hxg6 21. Qd2
Nxd4 22. Nxd4 cxd4 23. Qxd4 Rc8 24. Rac1 Rc4 25. Rxc4 dxc4 26. Qg4 Qd2 27. Qe2
Bb4 28. Qxd2 Bxd2 29. Re2 Bf4 30. Re4 Bc1 31. Re2 Kf8 32. h5 Bf4 33. hxg6 Rxe5
34. Ne4 f5 35. Nc3 b4 36. Rxe5 Bxe5 37. Nd1 Bd4 {0-1 Villavicencio,A-Garcia,G/
Las Palmas op 1989}) 16... Ne4 $5 $146 (16... Bf8 17. Bf4 Ne6 18. Bh2 Na5 19.
Ne3 c6 20. Nd4 Nxd4 21. cxd4 Nc4 22. b3 Nxe3 23. Rxe3 c5 $1 24. Bxg6 hxg6 25.
dxc5 Bxc5 26. Rd3 d4 27. Kh1 Rc8 28. f4 Qd5 $10 29. Bg1 g5 30. Qg4 gxf4 31. Re1
Bb6 32. Qxf4 Rc2 33. Rg3 Re6 34. Rf1 Rec6 35. e6 Qxe6 36. Bxd4 Bxd4 37. Qxd4 f6
38. Qd8+ Kh7 39. Qd3+ Kg8 40. Qd8+ Kh7 41. Qd3+ Kg8 42. Qd8+ {1/2-1/2 Wahls,
M-Huebner,R/GER-CupT 1991}) 17. Nxe7+ (17. Bxe4 $2 dxe4) 17... Rxe7 18. Bf4 $14
Qd7 (18... Qe8 $5 {/\Rd8} 19. Qxd5 $140 (19. a4 $5) 19... Nxc3 $1 (19... Rd8
20. Qb3 Nc5 21. Qa3 Ne6 $1 22. Bxg6 Nxf4 23. Bc2 Nxe5 24. Kf1 $1 $13) 20. Qd2
Bxc2 21. Qxc2 Nd5 $11) 19. Nh4 $1 Nc5 (19... Nxe5 $4 20. Bxe5 Rxe5 21. Nxg6
hxg6 22. Rxe4 $18) 20. Nxg6 hxg6 21. Be3 $6 (21. Qf3 $1 Rae8 22. Red1 $1 (22.
Rad1 $2 Nxe5 23. Qxd5 $140 $2 Qxd5 24. Rxd5 Nf3+ $19) 22... d4 $1 (22... Nxe5
23. Qxd5 Qxd5 24. Rxd5 $16) 23. b4 Ne6 24. Bh2 $1 (24. Be4 $2 Nxe5 $1 25. Bxe5
Ng5) 24... Ng5 $140 25. Qd3 $1 Nxe5 26. Qg3 $1 (26. Bxe5 Rxe5 27. Qxd4 $11)
26... Qd5 27. f4 Nef3+ (27... Ngf3+ 28. Kh1 $1 Nxh2 29. Rxd4 Qc6 30. fxe5 $18)
28. Kh1 $1 Nxh2 (28... Re3 29. fxg5 Ne1 $140 $2 30. Rxe1 $1 Rxg3 31. Rxe8+) 29.
fxg5 $16) 21... Ne6 22. f4 d4 $1 23. Be4 Rd8 (23... dxe3 $4 24. Qxd7 Rxd7 25.
Bxc6 $18) 24. Bc1 $2 (24. cxd4 $142 Ncxd4 25. Rc1 c5 (25... Nf5 $5 26. Bxf5
gxf5 $13)) 24... Nc5 (24... d3 25. Be3 Na5 26. b3 $14) 25. Bf3 $6 (25. Bxc6
Qxc6 26. cxd4 Ne6 27. Be3 Nxd4 28. Bxd4 Qc4 $14 {/=} 29. Re4 $140 c5 30. Rc1
Qd5) 25... Qe6 (25... d3 26. Be3 Ne6 27. Qd2) 26. f5 $2 (26. Bxc6 $142 Qxc6 27.
cxd4 {see 25.B:c6}) 26... gxf5 27. Bxc6 (27. Bg5 dxc3 28. Qc2 cxb2 29. Rab1
Nxe5 $1 30. Bxe7 (30. Qxc5 Nxf3+ 31. gxf3 Qxe1+ $19) 30... Qxe7 $17) 27... Qxc6
28. Bg5 f6 29. exf6 Rxe1+ 30. Qxe1 gxf6 31. Qe7 Re8 32. Qxf6 Qxf6 33. Bxf6 d3
$15 {This position has arised by force and it's difficult to understand why
Van der Doel didn't play 26.B:c6 to get slightly better position.Now he has to
fight for a draw.} 34. Bd4 $4 (34. Rd1 $8 Ne4 35. Bh4 d2 $15) 34... Na4 $2 (
34... d2 35. Bf2 Nd3 36. Rd1 Re2 (36... Re1+ $19) 37. Bg3 Nxb2 38. Kf1 Rxg2 $19
) 35. Rd1 (35. Kf1 Nxb2 36. Re1 Re4 $1 37. Rxe4 fxe4 38. Ke1 Nc4 39. Kf2 d2 40.
Ke2 e3 {/\Nb2}) 35... c5 36. Bf6 Kf7 $6 (36... Nxb2 $142 37. Rd2 Kf7 38. Bg5
Kg6 39. Bf4 (39. h4 Re2 40. Rxe2 dxe2 41. Kf2 Nd1+ 42. Kxe2 Nxc3+ $19) 39...
Re2 40. Kf1 Rxd2 41. Bxd2 $17) 37. Bh4 $6 (37. b3 $142 Kxf6 $5 (37... Nb2 38.
Rd2 Kxf6 (38... Re2 39. Bg5 $13) 39. Rxb2 Re1+ 40. Kf2 Rc1 41. Ke3 Rxc3 $17)
38. bxa4 c4 39. axb5 axb5 $17) 37... Nxb2 38. Rd2 Re4 $6 (38... Re2 $142 39.
Rxe2 dxe2 40. Kf2 Nd1+ $19) 39. Bg3 Re3 $6 (39... Re2 $142 40. Rxe2 dxe2 41.
Kf2 Nd1+ $19) 40. Bf4 Re2 41. Kf1 Rxd2 42. Bxd2 Nc4 {White is hopeless.The
queen side pawns decide the game.} 0-1

[Event "Varsity Oxbridge m"]
[Site "London"]
[Date "1998.03.07"]
[Round "?.3"]
[White "Hunt, Harriet"]
[Black "Tonkov, Bojan"]
[Result "1-0"]
[WhiteElo "2390"]
[BlackElo "2320"]
[Annotator "Mikhalevski,V"]
[PlyCount "79"]
[EventDate "1998.03.07"]
[EventType "team"]
[EventRounds "1"]
[EventCountry "ENG"]
[SourceTitle "CBM 064"]
[Source "ChessBase"]
[SourceDate "1998.06.02"]
[SourceVersion "1"]
[SourceVersionDate "1998.06.02"]
[SourceQuality "1"]

1. e4 e5 2. Nf3 Nc6 3. Bb5 a6 4. Ba4 Nf6 5. O-O Nxe4 6. d4 b5 7. Bb3 d5 8. dxe5
Be6 9. Nbd2 Nc5 10. c3 Be7 11. Bc2 Qd7 12. Re1 Bg4 13. Nf1 Bh5 (13... Rd8) 14.
Ng3 Bg6 15. Be3 ({Usually white plays} 15. h4 O-O (15... Rd8 16. h5 (16. Be3
O-O 17. h5 Bxc2 18. Qxc2 Ne6 19. Nf5 Rfe8 20. a4 b4 21. h6 g6 22. Nxe7+ Qxe7
23. a5 Rb8 24. Ra4 Rb5 25. c4 dxc4 26. Qxc4 Nxa5 27. Qa2 b3 28. Qa1 Nc6 29.
Rxa6 Nb4 30. Qa4 Rbb8 31. Ra5 Nc2 32. Rd1 Red8 33. Rad5 Rxd5 34. Rxd5 Nxe3 35.
fxe3 Rb4 36. Qa8+ Qf8 37. Qxf8+ Kxf8 38. Nd4 Nxd4 39. exd4 Ke7 40. Kf1 Rc4 {
Palac,M-Vucic,M/Belgrade GMA 1988/0-1 (71)}) 16... Bxc2 17. Qxc2 Ne6 18. a4 O-O
19. axb5 axb5 20. Nf5 Rfe8 21. Be3 Bf8 22. Rad1 Na5 23. Ng5 Nxg5 24. Bxg5 Rb8
25. h6 g6 26. Ng3 Qg4 27. Bf6 Qe6 28. Qc1 Nc4 29. b3 Nb6 30. Qg5 Nd7 31. Nh5
Nc5 32. Nf4 Qc6 33. Nxd5 Nxb3 34. Be7 Kh8 35. e6 Bxe7 36. Nxe7 Qxc3 37. exf7
Rf8 38. Re3 {1-0 Jansa,V-Wiedenkeller,M/Gausdal Int 1986}) 16. h5 Bxc2 17. Qxc2
f5 (17... h6 18. Be3 f5 19. Bxc5 Bxc5 20. b4 Be7 21. e6 Qe8 22. Nxf5 Qxh5 23.
Re5 Qe8 24. Rxd5 Rf6 25. Re1 Rd8 26. Qe4 Rxd5 27. Qxd5 Nd8 28. N3d4 Qf8 29. Qd7
{1-0 Howell,J-Copeland,G/BCF-ch 1987}) (17... Ne6 $5 18. Be3 Rfe8 (18... f6 19.
exf6 Rxf6 {1/2-1/2 Lau,R-Brueckner,T/BL9091 1991}) 19. Rad1 h6 20. Nf5 $36 Bg5
$6 (20... Bf8 21. Nh2 $1 {/\ Ng4, Bh6} Ng5 22. Bxg5 hxg5 23. Ng4 $16) 21. Qd2
$1 $16 Bxe3 (21... Rad8 22. Nxg5 $1 $16) 22. Nxe3 {>< d5} Nf4 23. Nxd5 Nxh5 24.
Qc2 Qg4 $8 (24... Qc8 25. Qe4 {/\ Qh4+-}) 25. Nh2 (25. Qe4 Qxe4 26. Rxe4 Rad8 {
/\ Rd7 <-> d}) (25. Re4 $16) 25... Qc8 26. g4 Nxe5 27. gxh5 Nf3+ $1 28. Nxf3
Qg4+ 29. Kh2 Qxf3 30. Re3 $1 Qxh5+ 31. Kg2 c6 32. Rh3 $8 Qe5 33. Ne3 Rad8 34.
Rg3 g6 35. Qb3 $5 {/\ 36.Rg6, 36.Qb4-h4-> >>} Qe4+ $6 36. Rf3 $1 $18 Qe7 $8 37.
Ng4 Kg7 38. Nf6 Rf8 39. Rd4 $1 {/\ Re4, Rdf4} Rd6 $2 40. Rxd6 Qxd6 41. Ne8+ {
1-0 Rodriguez,A-Xu Jun/Subotica izt 1987}) 18. exf6 Bxf6 19. Be3 Ne6 20. Rad1
Rad8 21. Ne4 Qf7 22. Nxf6+ Qxf6 23. Bc1 Rd6 24. a4 bxa4 25. Qxa4 Qf5 26. Qh4 h6
27. Be3 a5 28. Nd4 Ncxd4 29. Bxd4 Nxd4 30. Qxd4 Qxh5 31. Re5 Rf5 32. Re7 Rg6
33. Rxc7 Rfg5 34. g3 Qh3 35. Rd3 Rh5 {0-1 Mokry,K-Jussupow,A/Dubai olm 1986}) (
15. Nd4 {Very rare continuation,that has been introduced by N.Short.} Nxd4 (
15... Bxc2 16. Qxc2 O-O 17. Ngf5 Rfe8 18. Re3 Bf8 19. Nxc6 Qxc6 20. Nd4 Qd7 21.
b4 Ne6 22. Rh3 g6 23. Be3 c5 24. Nxe6 Rxe6 25. f4 cxb4 26. Bd4 Bg7 27. cxb4 Rc6
28. Bc5 Bf8 $11 {1/2-1/2 Prandstetter,E-Priehoda,V/CSR-ch 1990 (47)}) 16. cxd4
Ne6 17. Be3 c5 18. Nf5 O-O 19. dxc5 Bxc5 20. Bxc5 Nxc5 21. Rc1 Bxf5 22. Bxf5
Ne6 23. Rc3 $14 {1-0 Short,N-Garcia,G/Dubai olm 1986 (59)}) 15... Ne6 (15...
Rd8 16. h4 Bxc2 (16... O-O {would lead to Palac-Vucic Beograd GMA,1988 by
transposition(15.h4 Rd816.Be3}) 17. Qxc2 Qg4 18. h5 O-O 19. Qf5 Qxf5 20. Nxf5
Ne6 21. N3d4 Nexd4 22. cxd4 Rd7 23. Rec1 $14 {1-0 Fishbein,A-Baquero,L/
Philadelphia opI 1992 (30)}) 16. a4 (16. h4 $5) 16... O-O 17. Nf5 (17. Bxg6
hxg6 18. b4 $5 {[%cal Gd1d3] Fixing queen flank.}) 17... Rfd8 18. Qe2 {[%cal
Ge2b5]} Bf8 19. h3 (19. axb5 {doesn't promise a lot.} axb5 20. Qxb5 (20. Rxa8
Rxa8 21. Qxb5 Rb8 $11 (21... Nxe5 22. Qxd7 Nxd7 $11)) 20... Rab8 (20... Nxe5
21. Qxd7 Nxd7 (21... Rxa1 22. Qxf7+ $1 Bxf7 23. Rxa1 Nxf3+ 24. gxf3 $14)) (
20... Rxa1 21. Rxa1 Nxe5 (21... Rb8 $5) 22. Qe2 $1 (22. Qxd7 $5 Nxf3+ 23. gxf3
Rxd7 24. Ra7) 22... Nxf3+ 23. Qxf3 $14) 21. Qe2 Rxb2 22. Reb1 Rdb8) 19... b4 {
[%cal Gc6a5,Gb4c3]} 20. Rad1 $2 (20. a5 $142 $1 {[%csl Ra6][%cal Gg2g4,Gc2a4] /
\g4 and then Ba4}) 20... Na5 $5 (20... bxc3 $5 21. bxc3 Na5 {[%cal Gc7c5] /\c5
and Black has very comfortable position}) 21. cxb4 $6 (21. N3h4 $142 bxc3 22.
bxc3 c5 $11) 21... Nc4 $1 (21... Bxb4 $5 {[%csl Ra4,Rb2][%cal Gb8b2]} 22. Bd2
$1 Nc6 $1 $15 {[%csl Rb4] ><b4} (22... Rdb8 $4 23. Bxb4 Rxb4 (23... Bxf5 24.
Bxa5) 24. Rxd5 $18) (22... Bxd2 $6 23. Qxd2 Nc4 24. Qc3 {[%cal Rd1d5]} (24. Qc1
Bxf5 (24... Rab8 $4 25. Rxd5 $1) 25. Bxf5 Rab8 {[%csl Rb2][%cal Gb8b2]} (25...
Qxa4) (25... Qxa4 $6 26. Qb1 $1 {[%cal Gb2b3,Gb1h7]} Rab8 27. Bxe6 $1 fxe6 28.
Ng5 g6 29. Nxe6 $14) 26. b3 Rxb3 27. Bxh7+ Kh8 $13) 24... c6 $13)) 22. Bc1 (22.
b3 Na3 $1 {[%csl Rb4]} 23. Be4 c6 $15) 22... Bxb4 $15 23. Rf1 c6 (23... a5 $5 {
[%csl Ra4,Rb2][%cal Ga8b8]}) (23... Rab8 $5 24. b3 $140 Na3 25. Bxa3 Bxa3 26.
Qxa6 $4 Nc5 {[%csl Rf5]}) 24. N3h4 Qa7 $2 {[%cal Ga7g1]} (24... a5 $142 $5) 25.
Kh1 $1 {[%cal Gf2f4] Now white creates a strong attack.} (25. b3 Na5 (25... Na3
26. Bd3 {[%csl Ra3]}) (25... Nb6)) 25... Bf8 26. f4 Rab8 27. Bd3 $1 Nb6 $6 (
27... Rb4 $142 28. b3 $3 Nb6 (28... Na5 $2 29. Bd2) (28... Rxb3 29. Bxc4 dxc4
30. Qxc4 Rxd1 31. Rxd1 Rb4 32. Qxc6 Bxf5 $140 (32... Nxf4 $140 33. Bxf4 Rxf4
34. Qc8 $1 {[%cal Rc8f8] /\Q:f8!}) (32... Qf2 33. Qe8 $1 $16) 33. Nxf5 Nxf4 34.
Bxf4 Rxf4 35. Qc8 $18 {[%cal Rc8f8] /\Q:f8!})) 28. a5 Na4 {Black knight is out
of play and white's attack becomes very unpleasant} 29. Nxg6 hxg6 30. Nh4 $40 {
[%csl Rg8][%cal Gf4f5] /\f5} Nec5 $2 (30... Nac5 {was probably the last chance
to resist to the white's attack.} 31. f5 (31. Qf2 Qc7 32. f5 $6 Nxd3 33. Rxd3
gxf5 34. Nxf5) 31... Nd4 (31... Nxd3 32. fxe6 $1 $18) 32. Qg4 $1 (32. Qf2 Nxf5
(32... Nxd3 $2 33. Rxd3 {[%cal Gf2a7]}) 33. Nxf5 gxf5 34. Bxf5 $13 (34. Be3 $2
Nxd3)) 32... Nxd3 33. fxg6 $1 (33. Rxd3 Nxf5 34. Nxf5 gxf5 35. Rxf5 Rb4 $1 $15)
33... Nxe5 34. gxf7+ Qxf7 (34... Nxf7 35. Rxd4 $40) 35. Qxd4 Qe6 $13) 31. f5
Nxd3 (31... gxf5 32. Bxf5 {is very dangerous for black.}) 32. Rxd3 gxf5 (32...
Rb4 $2 33. fxg6 $1 Rxh4 34. gxf7+ Kh8 35. Bg5 $18) 33. Nxf5 {[%cal Gd3g3] Now
Black is defenceless} Nc5 34. Rg3 Ne4 35. Rg4 {[%csl Rf7][%cal Gf5h6,Gc1h6]}
Rd7 36. Bh6 g6 37. e6 $1 $18 Rdb7 (37... fxe6 38. Rxg6+ Kh8 39. Rxe6 $18) 38.
exf7+ Kh7 (38... Rxf7 39. Rxg6+ Kh8 40. Be3) 39. Bxf8 Rxf8 40. Rh4# 1-0

[Event "San Salvador op 1st"]
[Site "Merliot"]
[Date "2002.12.18"]
[Round "6"]
[White "Zarnicki, Pablo Adrian"]
[Black "Mikhalevski, Victor"]
[Result "1/2-1/2"]
[WhiteElo "2535"]
[BlackElo "2524"]
[Annotator "Mikhalevski,V"]
[PlyCount "120"]
[EventDate "2002.12.14"]
[EventType "swiss"]
[EventRounds "9"]
[EventCountry "ESA"]
[SourceTitle "CBM 093"]
[Source "ChessBase"]
[SourceDate "2003.04.01"]
[SourceVersion "1"]
[SourceVersionDate "2003.04.01"]
[SourceQuality "1"]

1. e4 e5 2. Nf3 Nc6 3. Bb5 a6 4. Ba4 Nf6 5. O-O Nxe4 6. d4 b5 7. Bb3 d5 8. dxe5
Be6 9. c3 Bc5 10. Nbd2 O-O 11. Bc2 Nxf2 $5 {This move looks wrong, but usually
Black manages to hold the position somehow.} 12. Rxf2 f6 13. exf6 Bxf2+ 14.
Kxf2 Qxf6 15. Nf1 (15. Kg1 {is the main alternative.}) 15... Ne5 {[%csl Rf3]
[%cal Gf6f2]} 16. Be3 Rae8 17. Bc5 Nxf3 18. gxf3 Rf7 19. Ng3 $5 {Relatively
rare move. However I think it's not worse than two others.} (19. Kg2) (19. Kg1)
19... Bg4 {[%csl Rf3]} 20. Kg1 Qxf3 {Usually it's recommended to trade the
Queens when your opponent has two pieces vs rook. However in this particular
case I'm not sure what should've been preffered because of exposed position of
White's king.} (20... Bxf3 {During the game I thought that this move was just
bad,but in fact the arising position is quite unclear. For example:} 21. Qd3 {
and Black can choose between three possible moves, each of them deserves
attention.} Qh6 $5 (21... Be4 $5 22. Nxe4 dxe4 {[%csl Rg1]}) (21... Qh4 $5 22.
Rf1 Be4 ({Doesn't work} 22... Qh3 $4 23. Rxf3 Re1+ 24. Rf1) 23. Nxe4 Rxf1+ 24.
Kxf1 dxe4 25. Qd7 (25. Qd5+ $5 Kh8 26. Qf7 $13) 25... Qh5 26. Bb3+ Kh8 27. Bf7
Qf3+ $11) 22. Rf1 Be4 23. Nxe4 Rxf1+ 24. Kxf1 dxe4 25. Qd7 Qc1+ 26. Bd1 $13)
21. Qxf3 Rxf3 $1 {This is better than 21...Bxf3 which allows pin on the f-file.
} (21... Bxf3 22. Rf1 $5 {[%csl Rf7][%cal Gc2f5] White creates a threat of 23.
Bf5 and when the bishop moves Bxh7+! winning an exchange.} Rf6 (22... g6 23.
Nf5 $1 {[%csl Rf3,Rf7][%cal Gf5h6]} gxf5 24. Rxf3 {[%csl Rf5]}) 23. b4 $1 $14 {
[%csl Ra6] 1/2-1/2 Ivanchuk,V-Jussupow,A/Linares 1990/CBM 17 (42)}) 22. Rf1 $5
{Another move against the rules of endgame. The rule says that when you have
two minor pieces vs rook keep the rook. However it seems that the position is
full of exceptions. Thanks to the move in text White reduces counter chances.}
({Also interesting to open the a-file:} 22. a4 Bh3 (22... Rf6 {1/2-1/2 Sogaard,
O-Wieringen,C/email RCCA 1999/80 telechess (36)}) 23. axb5 axb5 24. Ne2 $5 g6 (
24... c6 $5) (24... Rxe2 $2 {would be a blunder} 25. Ra8+ Kf7 26. Rf8+ Ke6 27.
Rxf3 {[%csl Rh3]} Rg2+ 28. Kh1 Rxc2 29. Rxh3 Rxb2 30. Rxh7 {with good chances
for a win.}) 25. Bb3 Kg7 (25... Re5 $5) 26. Nd4 Rf4 27. Nxb5 c6 28. Nd4 Re5 (
28... Rg4+ $5 29. Kf2 Rg2+ 30. Kf3 Rxb2 31. Ra7+ Kf6 32. Bc2 $14) 29. Kh1 $1
$16 {1-0 Vuckovic,B-Ernst,S/Bermuda BER 2002/(60)}) ({Wedberg} 22. Kg2 $6 h5 $1
23. Bg6 (23. Rf1 $2 Rxf1 24. Kxf1 h4 $19 {This evaluation seems to be too
optimistic. White is just slightly worse.[Mikhalevski,V]}) (23. Bd1 $6 Rd3 24.
Bxg4 Rd2+ 25. Kh3 (25. Be2 $2 h4 $19) 25... hxg4+ 26. Kxg4 Rxh2 $17) 23... Re6
24. Bxh5 Rxg3+ 25. Kxg3 Bxh5 {and White managed to hold the position thanks to
bishops of opposite color. 1/2-1/2 Leko,P-Jussupow,A/Horgen 1994/CBM 43/
[Wedberg] (51)}) 22... Rxf1+ 23. Kxf1 {A typical for this variation position
has arised. White has two minor pieces vs rook and two pawns. I think that
despite weakness of the queen side pawns Black can hold with an accurate play.}
a5 $146 {After the game I was really surprised when it's turned out that only
this move is a novelty.The idea was to avoid fixing of the a6-pawn with b4.} (
23... Kf7 24. Bd3 Re6 25. Bd4 Rh6 26. Kg2 Bh3+ 27. Kf2 Bd7 28. Nf1 a5 29. Be2 {
1/2-1/2 Groszpeter,A-Gyimesi,Z/Kecskemet 1994/CBM 45 ext (29)}) (23... g6 24.
Kf2 Kf7 25. Bd4 Re6 26. Bd3 Ke7 27. Nf1 Kd6 28. Ne3 Bh3 29. b4 Re8 30. Kg3 Be6
31. h4 Rg8 32. Ng4 Bxg4 33. Kxg4 {[#] Das Läuferpaar blockt und kompensiert in
Verbindung mit dem aktiven König die schwarzen Mehrbauern.} Ke6 34. Kg5 Rf8 35.
Be2 Rf5+ 36. Kh6 Rf4 37. Kxh7 Rxh4+ 38. Kxg6 Rh2 39. Bg4+ Kd6 40. Kf6 Rxa2 41.
Be5+ Kc6 42. Bf3 Rd2 {Vermutlich sind die letzten zwei weißen Züge vertauscht
worden und es geschah in Wirklichkeit erst 41.Lf3 Td2 42.Le5+Kc6. Anderenfalls
war Lf3 ein schwerer Fehler und das Auslassen von Tf2 ebenso!!} ({denn} 42...
Rf2 $19) 43. Ke6 Rd3 44. Bg2 Rd2 45. Bf3 Rd3 46. Bg2 {1/2-1/2 Gross,D-Simacek,
P/Prerov 2001/CBM 87/[Hecht] (46)}) 24. Bd3 {[%csl Rb5][%cal Gg3f5]} ({Too
early} 24. Nf5 Re2 $1 25. Bd1 Re4 {and black is ok.}) 24... Bd7 $1 ({In case of
} 24... c6 25. Nf5 {[%csl Rc6,Rg4] my bishop would remain out of play on g4
and also the c6-pawn is getting weak.}) 25. h4 $1 {[%csl Rh7][%cal Gh4h5]
First of all White improves his position on the king side and creates a
positional threat of h5.} ({Now} 25. Nf5 {is not dangerous.}) 25... g6 26. Kf2
{White is improving the position of his king.} ({Also immediate} 26. h5 $5 {
deserved serious attention and Balck has to make a choice between allowing h6
or exchanging h and g-pawns for White's h-pawn.} gxh5 (26... Kf7 $5) 27. Nxh5
Kf7 28. Bd4 (28. Bxh7 $5 Rh8 $140 29. Nf6 $1 {[%csl Rh8]})) 26... Kf7 27. Ne2 {
[%cal Ge2d4]} a4 28. Nd4 c6 {Now I have only one weakness on the queen side on
c6 which can be defended easily. I just need to trade the king side pawns.} 29.
Nf3 Bf5 $5 {A bit risky, but probably correct decision.} 30. Bf1 {White is
trying to avoid any complications.} (30. Bxf5 $5 {could give some counter play.
} gxf5 31. Nd4 Re4 $132 {[%csl Ra2,Rb2,Rh4]}) 30... Kf6 31. Ng5 {Provoking h6.}
h6 32. Nf3 {[%cal Gc5e3,Gc5d4]} g5 $5 {I decided that it's time to trade the
king side pawns.} 33. hxg5+ hxg5 34. Bd4+ Ke7 35. Nxg5 {A very interesting
from the theoretical point of view position. The question is whether Black can
hold the position on one side. I think he can.} Kd6 36. Nf7+ Ke7 37. Ng5 ({
Another interesting positon could arise after} 37. Ne5 Kd6 38. Nd3 Bxd3 $5 39.
Bxd3) 37... Kd6 38. a3 c5 {I wasn't sure whether this move is good or not, but
couldn't stand the temptation to place one of my pawns on the dark square with
a tempo.} 39. Be3 Kc6 40. Nf3 Bg4 $5 41. Nd2 {White prefers to keep the knight
for a while.} Rb8 {This is just a waiting move.No threats.} 42. Kg3 Bd1 43. Bg2
Rg8+ {Forcing the king to go back.} 44. Kf2 Rf8+ 45. Ke1 Bh5 (45... Re8 $5 {
However I didn't want to allow Nf1.} 46. Nf1) 46. b4 {White forces a draw.} ({
Now after} 46. Nf1 {I have} Bf3) 46... axb3 47. Nxb3 Ra8 $1 {[%csl Ra3] Tricky
move.} 48. Nxc5 ({Bad is natural} 48. Bxc5 $2 {because of} Re8+ $1 {and Black
wins a piece:} 49. Kf1 (49. Kd2 Re2+) 49... Bd1 {[%csl Rb3,Rc5]} (49... Be2+ $5
50. Kf2 Bc4)) 48... Rxa3 ({Even simplier was} 48... Re8 49. Kd2 Rxe3 50. Kxe3
Kxc5 $11) 49. Bd4 Rxc3 $11 {The simplest.} 50. Bxc3 Kxc5 51. Bg7 d4 52. Kd2 Be8
{[%cal Ge8c6]} 53. Bf8+ Kb6 54. Kd3 Bc6 {Black creates a well-known fortress
with the bishop on the long diagonal and the king on a8.} 55. Bh3 b4 56. Bxb4 {
It's interesting that Fritz 8 evaluates this positon as a win for White.} Kb7
57. Kxd4 Ka8 58. Kc5 Be4 59. Kb6 Bf3 60. Bd6 Be4 {This is an important game
for understanding typical positions!} 1/2-1/2